| Tag |
First Indicator |
Second Indicator |
Subfields |
| LEADER |
00000cam a2200000 4500 |
| 001 |
in00000484113 |
| 005 |
20151013052712.0 |
| 008 |
720204r1972 nyu 00000 eng |
| 010 |
|
|
|a 75038462
|
| 020 |
|
|
|a 0405040830
|
| 035 |
|
|
|a (OCoLC)00247269
|
| 035 |
|
|
|9 ACB6575AM
|
| 040 |
|
|
|a DLC
|c DLC
|d TXA
|d UtOrBLW
|
| 043 |
|
|
|a n-us---
|
| 049 |
|
|
|a TXAM
|c [1183972]
|
| 050 |
0 |
0 |
|a BR516
|b .S3 1972
|
| 082 |
0 |
|
|a 261.7/0973
|
| 100 |
1 |
|
|a Schaff, Philip,
|d 1819-1893.
|
| 245 |
1 |
0 |
|a Church and state in the United States ;
|b or, The American idea of religious liberty and its practical effects.
|
| 264 |
|
1 |
|a New York :
|b Arno Press,
|c 1972
|
| 264 |
|
4 |
|c [©1888]
|
| 300 |
|
|
|a 183 pages ;
|c 24 cm.
|
| 336 |
|
|
|a text
|b txt
|2 rdacontent
|
| 337 |
|
|
|a unmediated
|b n
|2 rdamedia
|
| 338 |
|
|
|a volume
|b nc
|2 rdacarrier
|
| 490 |
1 |
|
|a Religion in America, series II
|
| 500 |
|
|
|a Original edition issued as volume 2, number 4 of the Papers of the American Historical Association series.
|
| 650 |
|
0 |
|a Church and state
|z United States.
|
| 650 |
|
0 |
|a Freedom of religion
|z United States.
|
| 740 |
0 |
2 |
|a American idea of religious liberty and its practical effects.
|
| 830 |
|
0 |
|a Papers of the American Historical Association ;
|v v. 2, no. 4.
|
| 830 |
|
0 |
|a Religion in America.
|n Series II.
|
| 999 |
|
|
|a MARS
|
| 999 |
f |
f |
|s bbffa1a6-f23c-3b76-acc1-d07a036a3ebc
|i 50277763-ba91-3c89-bf6e-a6c54c38cdf9
|t 0
|
| 952 |
f |
f |
|p ric
|a Texas A&M University
|b Rellis Campus
|c Joint Library Facility
|d Remote Storage
|t 0
|e BR516 .S3 1972
|h Library of Congress classification
|i unmediated -- volume
|m A14801769028
|
| 998 |
f |
f |
|a BR516 .S3 1972
|t 0
|l Remote Storage
|